UFC Rankings Top 15 (updated) - Statistiques

Statistiques générales
  • Ce quiz a été pris 279 fois
    67 depuis la dernière actualisation
  • Le résultat moyen est 63 sur 128
Statistiques - réponses
Hint Réponse % Correct
C Ilia Topuria
97%
1 Arman Tsarukyan
95%
C Alexander Volkanovski
92%
8 Benoît Saint Denis
92%
2 Charles Oliveira
92%
4 Justin Gaethje
92%
3 Max Holloway
92%
13 Vinicius Oliveira
92%
C Islam Makhachev
90%
1 Merab Dvalishvili
90%
5 Paddy Pimblett
90%
C Petr Yan
90%
1 Alexandre Pantoja
87%
6 Dan Hooker
87%
C Joshua Van
87%
3 Sean O'Malley
85%
2 Diego Lopes
82%
1 Dricus Du Plessis
82%
C Khamzat Chimaev
82%
C Alex Pereira
79%
1 Ciryl Gane
79%
C Tom Aspinall
79%
2 Umar Nurmagomedov
79%
14 Mauricio Ruffy
77%
11 Beneil Dariush
74%
7 Mateusz Gamrot
74%
12 Michael Chandler
74%
1 Movsar Evloev
74%
2 Nassourdine Imavov
74%
3 Sean Strickland
74%
15 Farès Ziam
72%
3 Ian Machado Garry
72%
6 Israel Adesanya
72%
8 Kamaru Usman
72%
2 Magomed Ankalaev
72%
9 Rafael Fiziev
72%
1 Jack Della Maddalena
69%
10 Jean Silva
69%
1 Jiří Procházka
69%
9 Leon Edwards
69%
6 Carlos Prates
67%
14 Bruno Silva
64%
4 Lerone Murphy
64%
4 Michael Morales
62%
2 Shavkat Rakhmonov
62%
5 Belal Muhammad
59%
8 Derrick Lewis
59%
10 Renato Moicano
59%
2 Alexander Volkov
56%
4 Khalil Rountree Jr.
56%
5 Brandon Moreno
54%
3 Carlos Ulberg
54%
4 Cory Sandhagen
54%
10 Joaquin Buckley
54%
2 Manel Kape
54%
5 Song Yadong
54%
7 Caio Borralho
51%
5 Aljamain Sterling
49%
7 Jamahal Hill
49%
12 Tai Tuivasa
49%
6 Arnold Allen
46%
4 Brandon Royval
46%
5 Brendan Allen
46%
6 Deiveson Figueiredo
46%
12 Johnny Walker
46%
7 Sean Brady
46%
14 Valter Walker
46%
4 Anthony Hernandez
44%
3 Tatsuro Taira
44%
5 Waldo Cortes Acosta
44%
9 Mario Bautista
41%
3 Yair Rodriguez
41%
14 Colby Covington
38%
13 Paulo Costa
38%
8 Reinier de Ridder
38%
3 Sergei Pavlovich
38%
15 Daniel Rodriguez
36%
13 Manuel Torres
36%
10 Michael Page
36%
9 Robert Whittaker
36%
4 Curtis Blaydes
33%
6 Jailton Almeida
33%
5 Jan Błachowicz
31%
15 Joe Pyfer
31%
11 Josh Emmett
31%
8 Marlon Vera
31%
7 Serghei Spivac
31%
9 Brian Ortega
28%
9 Dominick Reyes
28%
12 Gilbert Burns
28%
10 Steve Erceg
28%
7 Youssef Zalal
28%
6 Amir Albazi
26%
13 Charles Johnson
26%
11 Gabriel Bonfim
26%
8 Kyoji Horiguchi
26%
11 Shamil Gaziev
26%
15 Tallison Teixeira
26%
14 Zhang Mingyang
26%
9 Ante Delija
23%
13 Geoff Neal
23%
14 Gregory Rodrigues
23%
10 Marcin Tybura
23%
11 Payton Talbott
23%
7 Aiemann Zahabi
21%
10 Bogdan Guskov
21%
14 Dan Ige
21%
15 David Onama
21%
12 Roman Dolidze
21%
12 Tagir Ulanbekov
21%
9 Tim Elliott
21%
11 Aleksandar Rakić
18%
11 Alex Perez
18%
15 Alonzo Menifield
18%
7 Asu Almabayev
18%
11 Jared Cannonier
18%
15 Lone’er Kavanagh
18%
15 Montel Jackson
18%
8 Steve Garcia
18%
6 Azamat Murzakanov
15%
8 Volkan Oezdemir
15%
13 Kevin Vallejos
13%
13 Nikita Krylov
13%
12 Rob Font
13%
13 Mick Parkin
10%
10 David Martinez
8%
12 Patricio Pitbull
8%
14 Kyler Phillips
5%
Aucun quiz correspondant
Distribution des résultats
% des personnes avec chaque résultat
Percentile par nombre de réponses
Votre historique - résultats
Vous n’avez pas pris ce quiz depuis la dernière actualisation